000 nam a22 a 4500
999 _c2116
_d2116
005 20170515115447.0
008 170515b1988 my ||||| |||| 00| 0 may d
020 _a9971654733
040 _aAKMAL
082 0 4 _a371.4 ZUR
090 _a371.4
_bZUR
100 _aZuraidah Bte Abdul Rahman
_94386
245 _aBoleh saya tolong anda?
260 _aSelangor
_bTIMES BOOOKS INTERNATIONAL
_c1988
300 _a278ms
_ccm
599 _aDALAM PROSES
942 _2ddc
_cBOOK